German cities - Sudden Death - Statistics

General Stats
  • This quiz has been taken 91 times
    76 since last reset
  • The average score is 6 of 10
Answers on the Grid
Answers color-coded by a green-red scale on the quiz's grid according to % correct below.
Kiel
Essen
Aarhus
Aachen
Salzburg
Nitra
Augsburg
Schaan
Rostock
Heidelberg
Zwolle
Eindhoven
Saarbrücken
Winterthur
Bielefeld
Hallstatt
Mannheim
Cottbus
Neuchâtel
Lublin
 
Answer Stats
Answer % Correct
Essen
71%
Augsburg
67%
Heidelberg
65%
Mannheim
65%
Aachen
64%
Kiel
64%
Bielefeld
55%
Saarbrücken
55%
Rostock
49%
Cottbus
27%
No matching quizzes found
Score Distribution
Percent of People with Each Score
Percentile by Number Answered
Your Score History
You have not taken this quiz since the last reset